000 00379nam a2200145Ia 4500
008 231129s1990||||xx |||||||||||||| ||spa||
020 _a968-35-0316-0
040 _bspa
082 _a658.4092 M244L
100 _aMaldonado Roldán Alvaro
245 0 _aLiderazgo y motivación
260 _c1990
264 _aUniverso
942 _2ddc
_cBKS
999 _c19281
_d19281